|
|
|
|
| LEADER |
01758nam a2200409 a 4500 |
| 001 |
00026562 |
| 008 |
130225s2009 dcuar i1 0eng d |
| 020 |
|
|
|a 9780821371251
|
| 020 |
|
|
|a 9780821371268
|
| 022 |
|
|
|y 1813-9477
|
| 040 |
|
|
|a MCM
|b eng
|c MCM
|d TNJ
|d MH
|d InU
|d DLC
|d InU
|d WaU
|d MCM
|d TULIB
|d OCoLC
|d BD-DhAAL
|
| 082 |
0 |
0 |
|a 338.968
|2 22
|
| 111 |
2 |
|
|a Annual World Bank Conference on Development Economics--Global 2008
|
| 245 |
1 |
0 |
|a Private sector and development /
|c Edited by Justin Yifu Lin and Boris Pleskovic
|
| 246 |
1 |
3 |
|a ABCDE
|
| 260 |
|
|
|a Washington, D.C. :
|b World Bank,
|c c2009
|
| 300 |
|
|
|a vii, 167 p. :
|b ill. ;
|c 25 cm.
|
| 310 |
|
|
|a Annual
|
| 362 |
0 |
|
|a 2008-
|
| 490 |
1 |
|
|a Annual World Bank Conference on Development Economics
|
| 500 |
|
|
|a Each issue has also a distinctive title.
|
| 500 |
|
|
|a Title from title page.
|
| 504 |
|
|
|a Includes bibliographical references.
|
| 541 |
1 |
|
|e 00026562
|
| 650 |
|
0 |
|a Economic development
|v Congresses.
|
| 650 |
|
0 |
|a Economic assistance
|v Congresses.
|
| 650 |
|
4 |
|a Economic development
|x Congresses.
|
| 650 |
|
4 |
|a Economic assistance
|x Congresses.
|
| 651 |
|
0 |
|a Developing countries
|x Economic conditions
|v Congresses.
|
| 651 |
|
4 |
|a Developing countries
|x Economic conditions
|x Congresses.
|
| 700 |
1 |
|
|a Yifu Lin, Justin.
|
| 700 |
1 |
|
|a Pleskovic, Boris.
|
| 710 |
2 |
|
|a World Bank.
|
| 780 |
0 |
0 |
|a World Bank Conference on Development Economics--Europe.
|t Annual World Bank Conference on Development Economics--Europe
|x 1813-9477
|w (DLC) 2005242087
|w (OCoLC)55208630
|
| 852 |
1 |
|
|a Ayesha Abed Library
|j General Shelf.
|
| 999 |
|
|
|c 13205
|d 13205
|
| 952 |
|
|
|0 0
|1 0
|2 ddc
|4 0
|6 338_968000000000000_PRI
|7 0
|9 21982
|a IGS
|b IGS
|c GEN
|d 2013-02-26
|e MIDAS
|g 1277.00
|l 0
|o 338.968 PRI
|p 3010026562
|r 2013-02-26
|t 1
|w 2013-02-26
|y BK
|